| 000 | 00918nam a2200253Ia 4500 | ||
|---|---|---|---|
| 999 |
_c41251 _d41251 |
||
| 001 | 7904 | ||
| 003 | GE_BSU | ||
| 005 | 20200115153548.0 | ||
| 008 | 181216s2013||||ge |||||||||||||| ||geo|| | ||
| 020 | _a9789941933653 | ||
| 040 | _cGE_BSU | ||
| 041 | _ageo | ||
| 080 | _a329.150.1(092) ტ–20 | ||
| 100 |
_aტაკიძე, არჩილ _96129 |
||
| 245 |
_aიოსებ სტალინი / _cარჩილ ტაკიძე ; რედ. სერგო დუმბაძე. |
||
| 264 |
_aთბილისი : _bივერიონი, _c2013. |
||
| 300 |
_a646 გვ.; _b21 სმ. |
||
| 504 | _a ბიბლიოგრ.: გვ. 626-642. | ||
| 520 | _a რეზ. რუს. | ||
| 600 |
_aსტალინი ი.ბ. _96130 |
||
| 653 | _aსტალინი, ი.ბ. | ||
| 700 |
_aდუმბაძე, სერგო _eრედაქტორი _91492 |
||
| 942 |
_cBK _2udc |
||